书目信息 |
| 题名: |
工程概论
|
|
| 作者: | 郭世明 主编 | |
| 分册: | ||
| 出版信息: | 成都 西南交通大学出版社 2007.09 |
|
| 页数: | 231页 | |
| 开本: | 23cm | |
| 丛书名: | 新世纪教改系列教材 | |
| 单 册: | ||
| 中图分类: | F270.7 | |
| 科图分类: | ||
| 主题词: | 工业工程--gong ye gong cheng--高等学校--教材 | |
| 电子资源: | ||
| ISBN: | 978-7-81104-317-4 | |
| 000 | 00973nam 2200277 450 | |
| 001 | 012007985954 | |
| 005 | 20071229092730.17 | |
| 010 | @a978-7-81104-317-4@dCNY20.00 | |
| 100 | @a20071229d2007 km y0chiy0120 ea | |
| 101 | 0 | @achi |
| 102 | @aCN@b510000 | |
| 105 | @ay a 000yy | |
| 106 | @ar | |
| 200 | 1 | @a工程概论@Agong cheng gai lun@f郭世明主编@Fguo shi ming zhu bian |
| 205 | @a第2版 | |
| 210 | @a成都@c西南交通大学出版社@d2007.09 | |
| 215 | @a231页@d23cm | |
| 225 | 2 | @a新世纪教改系列教材@Axin shi ji jiao gai xi lie jiao cai |
| 320 | @a有书目 (第230-231页)。 | |
| 330 | @a本书主要介绍工业工程的概念与研究内容、企业战略管理与企业经营战略、可靠型工程、标准化工程、工程经济、价值工程与成本控制、工程设计的原则及方法。 | |
| 410 | 0 | @12001 @a新世纪教改系列教材 |
| 606 | 0 | @a工业工程@Agong ye gong cheng@x高等学校@j教材 |
| 690 | @aF270.7@v4 | |
| 701 | 0 | @a郭世明@Aguo shi ming@4主编 |
| 801 | 0 | @aCN@bQSSK@c20071229 |
| 905 | @b274622-24@dF270.7@eG834@f3 | |
| 工程概论/郭世明主编.-第2版.-成都:西南交通大学出版社,2007.09 |
| 231页;23cm.-(新世纪教改系列教材) |
| ISBN 978-7-81104-317-4:CNY20.00 |
| 本书主要介绍工业工程的概念与研究内容、企业战略管理与企业经营战略、可靠型工程、标准化工程、工程经济、价值工程与成本控制、工程设计的原则及方法。 |
| ● |
| 相关链接 |
|
|
|
正题名:工程概论
索取号:F270.7/G834
 
预约/预借
| 序号 | 登录号 | 条形码 | 馆藏地/架位号 | 状态 | 备注 |
| 1 | 274622 | 202746225 | 社科二线422/422社科库 27排2列1层/ [索取号:F270.7/G834] | 在馆 | |
| 2 | 274623 | 202746234 | 社科二线422/409社科库 86排3列1层/ [索取号:F270.7/G834] | 在馆 | |
| 3 | 274624 | 202746243 | 社科库409/409社科库 86排3列1层/ [索取号:F270.7/G834] | 在馆 |